Logo BPK

Biblioteka

Politechniki Koszalińskiej

Impulsnye schemy na poluprowadnikach i ferritach / (Rekord nr 15452)

Szczegóły MARC
000 -ETYKIETA REKORDU
podpole kontrolne o stałej długości 00418nam a2200157 i 4500
001 - NUMER KONTROLNY REKORDU
pole kontrolne bg
040 ## - ŹRÓDŁO KATALOGOWANIA
Instytucja, która utworzyła rekord BPK
041 ## - KOD JĘZYKA
Kod języka tekstu pol
008 - POLE O STAŁEJ DŁUGOŚCI - DANE KONTROLNE
podpole kontrolne o stałej długości s pl f |000 0 pol
100 1# - NAZWA OSOBOWA
Nazwa osobowa SWECNIKOW, G. M.
245 #0 - TYTUŁ/ODPOWIEDZIALNOŚĆ
Tytuł Impulsnye schemy na poluprowadnikach i ferritach /
Pozostałe elementy strefy tytułu i oznaczenia odpowiedzialności G.M. Swecnikow, R.M. Sergeew, J.K. Tregub.
260 ## - STREFA ADRESU WYDAWNICZEGO
Miejsce wydania Moskwa,
Data publikacji, dystrybucji/powstania dokumentu 1972.
700 1# - HASŁO DODATKOWE - NAZWA OSOBOWA
Nazwa osobowa SERGEEW, R. M.
700 1# - HASŁO DODATKOWE - NAZWA OSOBOWA
Nazwa osobowa TREGUB, J. K.
856 ## - LOKALIZACJA I DOSTĘP DO ELEKTRONICZNYCH DOKUMENTÓW ZDALNYCH
Link (URL) http://koha.tu.koszalin.pl/cgi-bin/koha/opac-detail.pl?biblionumber=15452
Tekst linku Katalog online BPK
942 ## - DODATKOWE ELEMENTY (KOHA)
Typ dokumentu Książka
Egzemplarze
Wycofany Status egzemplarza Uszkodzony Dostępność Lokalizacja stała Lokalizacja bieżąca Miejsce przechowywania Sygnatura Kod kreskowy Typ dokumentu
      Dostępny Biblioteka Politechniki Koszalińskiej Biblioteka Politechniki Koszalińskiej Wypożyczalnia BG 16118 01733358 Książka
© 2023 Biblioteka Politechniki Koszalińskiej :: KOHA